Word Ladder: Where Am I? (If I Can Make it There) Quiz Stats

 Plays Quiz Updated Jan 23, 2014

Challenge
Share
Tweet
Embed
Score 0/68 Timer 07:00
0 Plays Today
Hint 4-Letter Word % Correct
Ten-cent US coinDIME
94.8%
To eat (formally)DINE
94%
Da Vinci's LisaMONA
92.5%
Earn lower than a D-minus on a testFAIL
89.9%
Agent 007BOND
88.6%
Place of coal extractionMINE
88.4%
✦ as well as the financial district, ____ Street. ✦WALL
88.4%
✦ and it's the location of Carnegie ____HALL
87%
Use all the space of a containerFILL
86.9%
Cry of pain or griefWAIL
86.9%
Acceptable; satisfactoryFINE
86.6%
Small bucketPAIL
86.3%
Tonight Show's JayLENO
86.3%
✦ I'm in the largest US ____CITY
86%
✦ It's the site of the 1939 (and 1964) World's ____, ✦FAIR
85.7%
Twosome, duoPAIR
85.3%
✦ and is the birthplace of actor Robert De ____. ✦NIRO
84.9%
Strong, as in a handshakeFIRM
84.4%
Smaller amountLESS
84.3%
✦ or rent in the upscale ____ Warner Center ✦TIME
84.1%
State of untidinessMESS
84.1%
Fiddling Roman emperorNERO
84%
✦ Where am I? New ____, New ____! ✦YORK
83.7%
Business end of a microscopeLENS
83.4%
✦ where you can attend the Tribeca ____ festival. ✦FILM
83.2%
Structure for bird eggsNEST
82.9%
✦ and home to 1.317 sq. mile Central ____PARK
82.5%
✦ It's the birthplace of actress ____ Fonda, ✦JANE
82.1%
Eliot or LochNESS
82%
Clear window partPANE
81.7%
The other white meatPORK
81.4%
Issue a traffic ticketCITE
81.4%
Hair dividing linePART
81.1%
✦ You can visit the Ground ___ Memorial ✦ZERO
81.1%
Hint 4-Letter Word % Correct
✦ Its highest point is Todt ____, ✦HILL
80.3%
Breathe with short, quick breathsPANT
79.9%
Avian creatureBIRD
79.6%
✦ the home of a chapel named after St. ____, ✦PAUL
79.6%
Ancient unit of weight and currencyMINA
79.6%
✦ and the base for fashion designer Vera ____. ✦WANG
79.5%
✦ It's the site of the historic ____ of 1835 ✦FIRE
79.2%
✦ in this sister city to this European capital ✦ROME
77.9%
Scholarly bookTOME
77.1%
Hookah pipeBONG
75.3%
✦ or take in a game for this MLB team ✦METS
74.6%
Very strong windGALE
74.5%
✦ or a game for this NBA team ✦NETS
73.4%
Affectionate; lovingFOND
73.1%
✦ It extends onto ____ Island, ✦LONG
73%
Inventor of ballpoint pen, LászlóBIRO
72.9%
Pre-Socratic philosopherZENO
72.8%
Diminish, decreaseWANE
72.5%
Canadian singer k.d.LANG
72.4%
✦ where you can visit this home of contemporary art. ✦MOMA
71.7%
Nutritious substance FOOD
70.8%
The above city to its residentsROMA
70%
Ancient region of western Europe GAUL
66.9%
Corduroy ridgeWALE
66.4%
Outrageous impudenceGALL
66.2%
Absence of difficulty or effortEASE
65.8%
✦ or climb to the 48th floor of the Condé ____ building ✦NAST
65%
✦ where you can go to the elevated High ____ Park ✦LINE
64.6%
Duck Dynasty's second sonJASE
63.2%
Lo-cal food optionLITE
63.2%
✦ or take a ferry on the ____ river. ✦EAST
62.9%
Sporcle ladder answerWORD
57.2%
Mineshaft passagewayBORD
54.6%
✦ is where Fernando ____ was mayor (mid-1800's), ✦WOOD
51.5%

Today's Daily Dose

Missing Word
Directed by David

Word Ladder
The Jungle Book

On This Day
July 17th II

You're not logged in!

Compare scores with friends on all Sporcle quizzes.
Join for Free
OR
Log In

You Might Also Like...

Show Comments

Extras

Top Quizzes Today


Score Distribution

Your Account Isn't Verified!

In order to create a playlist on Sporcle, you need to verify the email address you used during registration. Go to your Sporcle Settings to finish the process.

Report this User

Report this user for behavior that violates our Community Guidelines.

Details: